Organizaciones indígenas, políticas públicas y proyectos de desarrollo en la localidad de Pampa del Indio, provincia de Chaco, Argentina

El trabajo que aquí presentamos busca dar cuenta del proceso de conformación y consolidación de las organizaciones indígenas del pueblo qom ubicadas en la localidad de Pampa del Indio, provincia de Chaco. Intentaremos, además, dar cuenta de este proceso a partir del análisis sobre las articulaciones...

Full description

Bibliographic Details
Main Author: Castilla, Malena
Format: Analitica de revista
Language:Spanish
Published: Santiago, Chile Universidad Academia de Humanismo Cristiano 2018
Subjects:
Online Access:Acceso electrónico al documento

MARC

LEADER 00000cab a2200000 a 4500
001 025590
003 UAHC_CL
005 20200123104558.0
008 160406s2018 cl 000 spa
952 |0 0  |1 0  |2 ddc  |4 0  |6 ANTROPOLOGIAS_DEL_SUR10_18_000000000000000  |7 0  |8 COMP  |9 93337  |a BC  |b BC  |c General  |d 2020-01-23  |l 0  |o ANTROPOLOGIAS DEL SUR-10/18  |r 2020-01-23 00:00:00  |w 2020-01-23  |y REVA 
999 |c 53043  |d 53043 
040 |a UAHC_CL  |c UAHC_CL  |d UAHC_CL 
100 |a Castilla, Malena  |9 10718 
245 1 0 |a Organizaciones indígenas, políticas públicas y proyectos de desarrollo en la localidad de Pampa del Indio, provincia de Chaco, Argentina   |c Malena Castilla. 
260 |b Universidad Academia de Humanismo Cristiano  |c 2018  |a Santiago, Chile 
300 |a p. 131-147 
500 |a En: Antropologías del Sur. Vol. 5, no. 10, 2018. pp. 131-147. ISSN: 07194498. 
520 |a El trabajo que aquí presentamos busca dar cuenta del proceso de conformación y consolidación de las organizaciones indígenas del pueblo qom ubicadas en la localidad de Pampa del Indio, provincia de Chaco. Intentaremos, además, dar cuenta de este proceso a partir del análisis sobre las articulaciones y tensiones que se presentan entre dichas organizaciones étnicas y otras en los procesos de implementación de políticas públicas y proyectos de desarrollo. Por ello, para describir estos procesos en el presente artículo haremos un recorte temporal, que abarca desde el año 2001 hasta la actualidad, con el objetivo de abordar las relaciones que existieron entre los diversos actores -organizaciones étnicas, las Organizaciones No Gubernamentales, los organismos de financiamiento gubernamentales e internacionales- a partir de la implementación de diferentes políticas públicas en el territorio. 
653 |a Organizaciones indígenas 
653 |a Políticas públicas 
653 |a Pampa del Indio 
653 |a Argentino 
773 0 |t Antropologías del Sur : revista de la Escuela de Antropología.  |w 025559 
856 |u http://revistas.academia.cl/index.php/rantros/article/view/1072/1202  |y Acceso electrónico al documento 
900 |a ANTROPOLOGIAS DEL SUR-10/18 
942 |c REVA  |2 ddc